[Event "ROM-ch U10 Girls"]
[Site "Eforie Nord"]
[Date "2022.04.16"]
[Round "7"]
[White "Mihaila, Sara Maria"]
[Black "Dumitru, Rucsandra Sofia"]
[Result "0-1"]
[WhiteElo "1065"]
[BlackElo "1114"]
[PlyCount "148"]
[EventDate "2022.04.11"]
[EventType "swiss"]
[EventRounds "9"]
[EventCountry "ROU"]
[SourceTitle "EXT 2023"]
[Source "ChessBase"]
[SourceDate "2022.10.05"]
[SourceVersion "1"]
[SourceVersionDate "2022.10.05"]
[SourceQuality "1"]

1. e4 c5 2. Nf3 e6 3. d3 d6 4. g3 Nf6 5. Bg2 Be7 6. 0-0 0-0 7. Nbd2 Nc6 8. Re1 d5 9. e5 Nd7 10. Nf1 f6 11. d4 Qb6 12. Bh3 Nd8 13. c3 Qc7 14. Bf4 fxe5 15. Nxe5 Nxe5 16. Rxe5 Bd6 17. Re2 Bxf4 18. gxf4 cxd4 19. cxd4 Qxf4 20. Ng3 Nc6 21. Rd2 e5 22. Bg2 Bg4 23. Bxd5+ Kh8 24. Qe1 Nxd4 25. Rc1 Nf3+ 26. Bxf3 Bxf3 27. Rc5 Qb4 28. Rxe5 Rad8 29. Rxd8 Qxe1+ 30. Rxe1 Rxd8 31. Ne4 Re8 32. a4 Rxe4 33. Rc1 Kg8 34. Rc8+ Kf7 35. Rc7+ Re7 36. Rc1 Rd7 37. Re1 Rd1 38. Rxd1 Bxd1 39. a5 Ke6 40. Kf1 Kd5 41. Ke1 Bg4 42. Kd2 Kd4 43. Kc2 Kc5 44. Kc3 b6 45. b4+ Kb5 46. axb6 axb6 47. f4 Bh3 48. Kb3 Be6+ 49. Kc3 Ka4 50. h4 Bg4 51. Kc4 Be2+ 52. Kc3 b5 53. f5 Bg4 54. h5 Bxh5 55. Kb2 Kxb4 56. Kc2 Ka3 57. Kb1 Bg4 58. Ka1 h5 59. Kb1 h4 60. Ka1 h3 61. Kb1 h2 62. Kc2 Bxf5+ 63. Kd2 h1Q 64. Ke3 Qe4+ 65. Kd2 Qd3+ 66. Ke1 Qh3 67. Kf2 g5 68. Kg1 Qc3 69. Kf2 b4 70. Ke2 b3 71. Kd1 Qb2 72. Ke1 Qc2 73. Kf1 b2 74. Ke1 b1Q# 0-1